Ανάλυση θνησιμότητας στα διαμερίσματα της Ελλάδος και σύγκριση : πτυχιακή εργασία

Στην εργασία αυτή, θα παρουσιάσουμε την εξέλιξη των περιφερειακών ανισοτήτων όσον αφορά τη διαφορική θνησιμότητα ανά φύλο του ελληνικού πληθυσμού στα έτη 2010 έως και 2013. Θα πραγματοποιηθεί ανάλυση των δεδομένων του ελληνικού πληθυσμού και των θανάτων και για την εξαγωγή συμπερασμάτων της ελληνική...

Πλήρης περιγραφή

Αποθηκεύτηκε σε:
Λεπτομέρειες βιβλιογραφικής εγγραφής
Κύριος συγγραφέας: Γιαννούλου, Δήμητρα
Συγγραφή απο Οργανισμό/Αρχή: Πανεπιστήμιο Αιγαίου. Σχολή Θετικών Επιστημών. Τμήμα Στατιστικής και Αναλογιστικών-Χρηματοοικονομικών Μαθηματικών
Μορφή: Thesis Βιβλίο
Γλώσσα:Greek
Δημοσίευση: 2015.
Θέματα:
Διαθέσιμο Online:http://hdl.handle.net/11610/19627
Ετικέτες: Προσθήκη ετικέτας
Δεν υπάρχουν, Καταχωρήστε ετικέτα πρώτοι!

MARC

LEADER 00000cam a2200000 a 4500
001 1/113301
008 170309s2015####gr | ||| |||| ||gre||
040 |a GR-MyUa  |b gre  |c GR-MyUa  |e AACR2 
041 0 |a gre 
082 7 |a 304.64   |2 (23)  
100 1 |a Γιαννούλου, Δήμητρα. 
245 1 0 |a Ανάλυση θνησιμότητας στα διαμερίσματα της Ελλάδος και σύγκριση :   |b πτυχιακή εργασία /   |c Δήμητρα Γιαννούλου ; επιβλέπων καθηγητής Πέτρος Χατζόπουλος.  
260 |c 2015.  
300 |a 110 σ. :   |b διάγρ., πιν. ;   |c 30 εκ.  
500 |a Μέλη της εξεταστικής επιτροπής: Πέτρος Χατζόπουλος, Στέλιος Ζήμερας, Αλέξανδρος Καραγρηγορίου.  
502 |a Πτυχιακή εργασία - Πανεπιστήμιο Αιγαίου, Σάμος, 2015.  
504 |a Βιβλιογραφία: σ. 109-110.  
506 1 |a Διάθεση πλήρους κειμένου ;   |d Ενδοπανεπιστημιακή δημοσίευση.  
520 8 |a Στην εργασία αυτή, θα παρουσιάσουμε την εξέλιξη των περιφερειακών ανισοτήτων όσον αφορά τη διαφορική θνησιμότητα ανά φύλο του ελληνικού πληθυσμού στα έτη 2010 έως και 2013. Θα πραγματοποιηθεί ανάλυση των δεδομένων του ελληνικού πληθυσμού και των θανάτων και για την εξαγωγή συμπερασμάτων της ελληνικής θνησιμότητας, συναρτήσει της ηλικίας. Για το σκοπό αυτό θα χρησιμοποιήσουμε δεδομένα από τις περιφέρειες της Ελλάδας συγκεντρωμένα από την Ελληνική Στατιστική Υπηρεσία. Με διάφορες μεθόδους όπου θα χρησιμοποιήθηκαν στη συνέχεια, καταλήξαμε σε πίνακες θνησιμότητας για κάθε περιφέρεια και συγκρίναμε το προσδόκιμο ζωής για τις ηλικίες και για τα δύο φύλα ταυτόχρονα. Για να γίνουν κατανοητές οι διάφοροι μέθοδοι που χρησιμοποιήθηκαν, καταγράφηκε η αντίστοιχη θεωρία ( κεφάλαια 1, 2 και 3). Επιπλέον, στα κεφάλαια 4 και 5 γίνεται παρυσίαση διαγραμμάτων με τις συγκρίσεις αλλά και πινάκων θνησιμότητας. Τέλος, στο κεφάλαιο 6 έχουμε τη συγκριτική μελέτη όπου συγκρίνουμε το προσδόκιμο ζωής μεταξύ των ετών 1991 και 2010-2013.  
540 |a Κλειδωμένη η δυνατότητα αντιγραφής (copy) κειμένου.  
650 0 |a Dissertations, Academic  |z Greece. 
650 0 |a Mortality  |z Greece. 
700 1 |a Χατζόπουλος, Πέτρος Φ.  |e dgs 
710 2 |a Πανεπιστήμιο Αιγαίου.   |b Σχολή Θετικών Επιστημών.   |b Τμήμα Στατιστικής και Αναλογιστικών-Χρηματοοικονομικών Μαθηματικών. 
852 |a INST  |b SAMOS  |c DIATR  |e 20170309  |h 304.64 ΓΙΑ  |p 005300044405  |q 005300044405  |t DIE  |y 23 
856 |u http://hdl.handle.net/11610/19627 
924 |a Γιαννούλου  |b Δήμητρα  |y Σάμος  |z 2015-10 
970 |a Κοσιέρης  |b Χρήστος  |z 09-03-2017